SI Things Quiz Stats

 Plays Quiz Updated Jun 18, 2012

Also try: DD Things
Challenge
Share
Tweet
Embed
Score 0/22 Timer 06:00
1 Play Today
Clue Answer % Correct
The Crocodile HunterSteve Irwin
87.7%
Magazine with an annual swimsuit issueSports Illustrated
85.9%
Least populous New York City boroughStaten Island
82.9%
Part of the digestive systemSmall intestine
79.3%
Washington DC museum complexSmithsonian Institution
69.7%
When fans sing 'Take Me Out to the Ball Game'Seventh inning
66.6%
CopulationSexual intercourse
65%
The view one has of one's own appearance Self-image
60.2%
If you don't heed the warning label, death or this may resultSerious injury
54.9%
Job that gives college kids an opportunity to gain experience in their fieldStudent internship
54.6%
US capital and its state Springfield, Illinois
50.6%
Clue Answer % Correct
Movie trivia board game that requires a DVD playerScene It?
45.4%
If a superhero is unmasked, this alternate persona is revealedSecret identity
44.9%
It's equal to 0.00064516 m2Square inch
42.5%
Implement used to fuse metal togetherSoldering iron
42.2%
One of the two major denominations that most Muslims belong toSunni Islam/Shia Islam
33.2%
Hawaiian dessert similar to a snow coneShave ice
32.1%
According to Monty Python, nobody expects thisSpanish Inquisition
29%
In this movie, Dirty Harry says 'Go ahead, make my day'Sudden Impact
26.3%
Neighbor of Papua New GuineaSolomon Islands
22.6%
'To boldly go where no man has gone before' is a classic example of this grammatical constructionSplit infinitive
15.4%
Along with 'Addicted to Love,' it's one of Robert Palmer's most famous songsSimply Irresistible
12.1%

You're not logged in!

Compare scores with friends on all Sporcle quizzes.
OR
Log In

You Might Also Like...

Show Comments

Extras

Top Quizzes Today


Score Distribution

Your Account Isn't Verified!

In order to create a playlist on Sporcle, you need to verify the email address you used during registration. Go to your Sporcle Settings to finish the process.

Report this User

Report this user for behavior that violates our Community Guidelines.

Details: